<?xml version="1.0" encoding="UTF-8"?>
<record
    xmlns:xsi="http://www.w3.org/2001/XMLSchema-instance"
    xsi:schemaLocation="http://www.loc.gov/MARC21/slim http://www.loc.gov/standards/marcxml/schema/MARC21slim.xsd"
    xmlns="http://www.loc.gov/MARC21/slim">

  <leader>01124nam a22002417a 4500</leader>
  <controlfield tag="003">KOHA_M&#x130;RAKIL</controlfield>
  <controlfield tag="005">20260408112612.0</controlfield>
  <controlfield tag="008">260408b        tu ||||| |||| 00| 0 tur d</controlfield>
  <datafield tag="020" ind1=" " ind2=" ">
    <subfield code="a">9754560064</subfield>
  </datafield>
  <datafield tag="040" ind1=" " ind2=" ">
    <subfield code="a">TR-AnABB</subfield>
    <subfield code="b">tur</subfield>
    <subfield code="c">TR-AnABB</subfield>
  </datafield>
  <datafield tag="041" ind1=" " ind2=" ">
    <subfield code="a">tur</subfield>
  </datafield>
  <datafield tag="082" ind1=" " ind2=" ">
    <subfield code="a">956.1023</subfield>
    <subfield code="b">OKE 1998</subfield>
  </datafield>
  <datafield tag="100" ind1="1" ind2=" ">
    <subfield code="a">&#xD6;ke, M. Kemal</subfield>
    <subfield code="9">3361</subfield>
  </datafield>
  <datafield tag="245" ind1="1" ind2="0">
    <subfield code="a">&#x130;ngiltere'nin G&#xFC;neydo&#x11F;u Anadolu siyaseti ve Binba&#x15F;&#x131; E. W. C. Noel'in faaliyetleri /</subfield>
    <subfield code="c">M. Kemal &#xD6;ke </subfield>
  </datafield>
  <datafield tag="260" ind1=" " ind2=" ">
    <subfield code="a">Ankara :</subfield>
    <subfield code="b">T&#xFC;rk K&#xFC;lt&#xFC;r&#xFC;n&#xFC; Ara&#x15F;t&#x131;rma Enstit&#xFC;s&#xFC;;</subfield>
    <subfield code="c">1988</subfield>
  </datafield>
  <datafield tag="300" ind1=" " ind2=" ">
    <subfield code="a">132 sayfa ;</subfield>
    <subfield code="c">20 cm</subfield>
  </datafield>
  <datafield tag="490" ind1="0" ind2=" ">
    <subfield code="a">T&#xFC;rk K&#xFC;lt&#xFC;r&#xFC;n&#xFC; Ara&#x15F;t&#x131;rma Enstit&#xFC;s&#xFC; Yay&#x131;nlar&#x131; ;</subfield>
    <subfield code="v">87</subfield>
  </datafield>
  <datafield tag="505" ind1=" " ind2=" ">
    <subfield code="a">&#x130;&#xE7;indekiler: Do&#x11F;u ve G&#xFC;neydo&#x11F;u Anadolu A&#x15F;iretleri Hakk&#x131;nda - Mondras M&#xFC;tarekesi sonras&#x131;nda &#x130;ngiliz i&#x15F;galindeki Irak'da siyasi vaziyet - Noel'in G&#xFC;neydo&#x11F;u Anadolu Seyahati ve &#x130;lk &#x130;ntibalar&#x131; - &#x130;ngilizler'in yeni te&#x15F;ebb&#xFC;sleri - Politika tesbitine do&#x11F;ru - Mustafa Kemal Pa&#x15F;a'n&#x131;n duruma hakim olarak</subfield>
  </datafield>
  <datafield tag="650" ind1="0" ind2="4">
    <subfield code="a">Tarih, T&#xFC;rkiye</subfield>
    <subfield code="9">582</subfield>
  </datafield>
  <datafield tag="650" ind1="0" ind2="4">
    <subfield code="a">Tarih, T&#xFC;rkiye, D&#x131;&#x15F; &#x130;li&#x15F;kiler</subfield>
    <subfield code="9">3362</subfield>
  </datafield>
  <datafield tag="900" ind1=" " ind2=" ">
    <subfield code="b">Can &#xC7;ELIK</subfield>
  </datafield>
  <datafield tag="942" ind1=" " ind2=" ">
    <subfield code="2">ddc</subfield>
    <subfield code="c">BK</subfield>
  </datafield>
  <datafield tag="952" ind1=" " ind2=" ">
    <subfield code="0">0</subfield>
    <subfield code="1">0</subfield>
    <subfield code="2">ddc</subfield>
    <subfield code="4">0</subfield>
    <subfield code="7">0</subfield>
    <subfield code="a">RUK</subfield>
    <subfield code="b">RUK</subfield>
    <subfield code="d">2026-04-08</subfield>
    <subfield code="l">0</subfield>
    <subfield code="o">956.1023 OKE 1998</subfield>
    <subfield code="p">RK7045</subfield>
    <subfield code="r">2026-04-08 10:58:56</subfield>
    <subfield code="w">2026-04-08</subfield>
    <subfield code="y">BK</subfield>
  </datafield>
  <datafield tag="999" ind1=" " ind2=" ">
    <subfield code="c">10197</subfield>
    <subfield code="d">10197</subfield>
  </datafield>
</record>
